[Event "Champigny sur Marne op"]
[Site "Champigny sur Marne"]
[Date "2005.03.??"]
[Round "3"]
[White "Federici, Laurent"]
[Black "Bodin Hullin, Thomas"]
[Result "1-0"]
[WhiteElo "1810"]
[BlackElo "1410"]
[PlyCount "71"]
[EventDate "2005.03.??"]
[EventType "swiss"]
[EventRounds "7"]
[EventCountry "FRA"]
[SourceTitle "EXT 2007"]
[Source "ChessBase"]
[SourceDate "2006.11.23"]
[SourceVersion "1"]
[SourceVersionDate "2006.11.23"]
[SourceQuality "1"]

1. d4 d5 2. Nf3 Nf6 3. Bg5 Bg4 4. e3 Ne4 5. Bh4 g6 6. c4 c5 7. Nc3 Nxc3 8. bxc3 Bg7 9. Qb3 Qc7 10. Bg3 Qd7 11. cxd5 Bxf3 12. gxf3 0-0 13. Rb1 b6 14. Bd3 cxd4 15. cxd4 Qb7 16. 0-0 Nd7 17. Rbc1 Rac8 18. a4 Rfd8 19. Bb5 Nf6 20. e4 Nxd5 21. exd5 Rxc1 22. Rxc1 Qxd5 23. Qxd5 Rxd5 24. Rc8+ Bf8 25. Bf4 g5 26. Be5 h6 27. Kf1 a6 28. Bxa6 Rd7 29. Bb5 Rb7 30. Ke2 f6 31. Bb8 Kf7 32. Bc6 Rxb8 33. Rxb8 e6 34. Rxb6 Bd6 35. Rb7+ Kg6 36. a5 1-0

[Event "Champigny sur Marne op"]
[Site "Champigny sur Marne"]
[Date "2005.03.??"]
[Round "1"]
[White "Federici, Laurent"]
[Black "Jarreton, Herve"]
[Result "0-1"]
[WhiteElo "1810"]
[BlackElo "2074"]
[PlyCount "48"]
[EventDate "2005.03.??"]
[EventType "swiss"]
[EventRounds "7"]
[EventCountry "FRA"]
[SourceTitle "EXT 2007"]
[Source "ChessBase"]
[SourceDate "2006.11.23"]
[SourceVersion "1"]
[SourceVersionDate "2006.11.23"]
[SourceQuality "1"]

1. d4 Nf6 2. Nf3 d6 3. Bf4 c5 4. e3 Qb6 5. Be2 Ne4 6. Qc1 g5 7. Bg3 cxd4 8. exd4 f5 9. Nbd2 g4 10. Nxe4 gxf3 11. Nxd6+ exd6 12. Bxf3 Nc6 13. Bh5+ Kd8 14. 0-0 Qxd4 15. Rd1 Qf6 16. Bf4 Rg8 17. c4 Bd7 18. b4 Ne5 19. c5 Bc6 20. Bg3 f4 21. b5 fxg3 22. bxc6 gxh2+ 23. Kh1 Qg5 24. cxb7 Qxg2# 0-1

[Event "Noisy le Grand op"]
[Site "Noisy le Grand"]
[Date "2003.??.??"]
[Round "6"]
[White "Birot, Jacques"]
[Black "Federici, Laurent"]
[Result "0-1"]
[WhiteElo "1380"]
[BlackElo "1430"]
[PlyCount "86"]
[EventDate "2003.05.??"]
[EventType "swiss"]
[EventRounds "7"]
[EventCountry "FRA"]
[SourceTitle "EXT 2005"]
[Source "ChessBase"]
[SourceDate "2004.11.15"]
[SourceVersion "1"]
[SourceVersionDate "2004.11.15"]
[SourceQuality "1"]

1. e4 e5 2. Nf3 Nc6 3. Bb5 Nf6 4. 0-0 d6 5. h3 Bd7 6. c3 Nxe4 7. Re1 Nf6 8. d4 e4 9. Nbd2 d5 10. Ne5 Nxe5 11. Bxd7+ Nexd7 12. f3 Be7 13. fxe4 dxe4 14. Nxe4 Nxe4 15. Rxe4 Nf6 16. Re1 0-0 17. Qf3 c6 18. Bf4 Re8 19. Re2 Qd5 20. Qd3 b5 21. Rae1 Bd6 22. Bd2 Rxe2 23. Rxe2 Re8 24. Rxe8+ Nxe8 25. b3 Nf6 26. c4 Qe4 27. Qxe4 Nxe4 28. Be3 a6 29. d5 cxd5 30. cxd5 f5 31. Kf1 Kf7 32. Ke2 Be5 33. Kd3 Ke7 34. g4 g6 35. h4 Kd6 36. Bd4 Kxd5 37. Bxe5 Kxe5 38. g5 Kf4 39. Kd4 Kf3 40. Ke5 Ke3 41. a4 f4 42. Kd5 f3 43. Kc6 f2 0-1